[Event "Kieler Open 2017-A"]
[Site "Kiel"]
[Date "2017.07.30"]
[Round "3.43"]
[White "Terwitte, Heinrich"]
[Black "Wenske, Hardy"]
[Result "1-0"]
[WhiteElo "1913"]
[BlackElo "1826"]
[Annotator "PH"]
[PlyCount "119"]

1. e4 c6 2. c4 e5 3. Nc3 d6 4. Nf3 Bg4 5. Be2 Nf6 6. O-O Be7 7. d4 Bxf3 8. Bxf3
O-O 9. Be3 Nbd7 10. d5 c5 11. a3 Nb6 12. Be2 Rc8 13. Qd2 a6 14. Rab1 Nbd7 15.
f3 Qc7 16. Bd3 Nh5 17. g4 Nf4 18. Bxf4 exf4 19. Qxf4 Ne5 20. Be2 Qd8 21. Qg3
Bf6 22. f4 Ng6 23. g5 Bd4+ 24. Kh1 f6 25. h4 fxg5 26. hxg5 Rc7 27. Bg4 Nxf4 28.
Rxf4 Be5 29. Be6+ Kh8 30. Rxf8+ Qxf8 31. Qg2 Qf4 32. Rf1 Qh4+ 33. Qh3 Qxh3+ 34.
Bxh3 g6 35. Rf8+ Kg7 36. Rd8 h6 37. Rd7+ Rxd7 38. gxh6+ Kxh6 39. Bxd7 Kg5 40.
Be8 Kf6 41. Nd1 g5 42. b4 b6 43. Ne3 Bf4 44. Nc2 g4 45. Kg2 Ke5 46. Bg6 Kf6 47.
Bf5 Kg5 48. bxc5 bxc5 49. a4 Be5 50. Ne3 g3 51. Kf3 Kh4 52. Ng4 Bd4 53. e5 Kh3
54. exd6 g2 55. Ne3+ Kh2 56. Nxg2 Bf6 57. Nf4 a5 58. d7 Kg1 59. Ne6 Kf1 60.
d8=Q 1-0

[Event "Kieler Open 2017-A"]
[Site "Kiel"]
[Date "2017.07.30"]
[Round "3.45"]
[White "Helmich, Jörg"]
[Black "Berenstein, Alexander"]
[Result "0-1"]
[WhiteElo "1722"]
[BlackElo "1997"]
[Annotator "PH"]
[PlyCount "70"]

1. e4 c5 2. Nf3 d6 3. d4 cxd4 4. Nxd4 Nf6 5. Nc3 a6 6. Be3 b5 7. f3 Bb7 8. Qd2
Nbd7 9. g4 Nb6 10. g5 Nfd7 11. h4 Rc8 12. O-O-O Ne5 13. Be2 Nbc4 14. Bxc4 Nxc4
15. Qf2 e6 16. h5 Qc7 17. Bd2 b4 18. Na4 e5 19. Bxb4 exd4 20. Rxd4 Be7 21. Rg1
Ne5 22. g6 hxg6 23. hxg6 f5 24. Rgd1 Nxf3 25. Bxd6 Bxd6 26. Rxd6 Bxe4 27. Re6+
Kf8 28. Qc5+ Qxc5 29. Nxc5 Ng5 30. Nd7+ Kg8 31. Rxe4 fxe4 32. Nb6 Re8 33. Nd5
Rh3 34. Ne7+ Kh8 35. Nf5 e3 0-1

[Event "Kieler Open 2017-A"]
[Site "Kiel"]
[Date "2017.07.30"]
[Round "3.46"]
[White "Maas, Kolja"]
[Black "Olde, Henning"]
[Result "0-1"]
[WhiteElo "1527"]
[BlackElo "1873"]
[Annotator "PH"]
[PlyCount "82"]

1. e4 c5 2. Nf3 d6 3. d4 cxd4 4. Nxd4 Nf6 5. Bb5+ Bd7 6. Nc3 a6 7. Bxd7+ Nbxd7
8. f4 Rc8 9. O-O e6 10. Be3 b5 11. a3 Be7 12. Qf3 O-O 13. g4 e5 14. Nf5 exf4
15. Bxf4 Ne5 16. Bxe5 dxe5 17. Nxe7+ Qxe7 18. g5 Nd7 19. Qg3 Rc6 20. b4 Rg6 21.
h4 Nb6 22. Rf5 Nc4 23. h5 Re6 24. Nd5 Qa7+ 25. Kh2 Qd4 26. Rb1 Nd2 27. Rd1 Nxe4
28. Qg4 Qc4 29. Ne3 Qc6 30. Rd5 Nc3 31. Rc5 Qd6 32. Kh3 Qd4 33. Qg3 Ne4 34. c3
Qxc5 35. bxc5 Nxg3 36. Kxg3 Rc8 37. Ng4 Rxc5 38. Rf3 e4 39. Re3 Rxg5 40. Kh4 h6
41. Nf2 f5 0-1

[Event "Kieler Open 2017-A"]
[Site "Kiel"]
[Date "2017.07.30"]
[Round "3.47"]
[White "van Foreest, Machteld"]
[Black "Rempe, Jonas"]
[Result "1-0"]
[WhiteElo "1793"]
[BlackElo "1749"]
[Annotator "PH"]
[PlyCount "53"]

1. e4 e5 2. Nf3 Nc6 3. Bc4 Nf6 4. d3 Be7 5. Nc3 O-O 6. a3 d6 7. h3 Be6 8. Nd5
Nd7 9. O-O Nb6 10. Ba2 f5 11. Nxb6 Bxa2 12. Nxa8 Be6 13. Nxc7 Qxc7 14. Bg5 f4
15. Bxe7 Qxe7 16. c3 g5 17. Nh2 f3 18. Nxf3 g4 19. hxg4 Bxg4 20. Qb3+ Be6 21.
Qd1 Bg4 22. Re1 Rxf3 23. gxf3 Bh3 24. Kh2 Qh4 25. Rh1 Ne7 26. Qg1+ Ng6 27. Qg3
1-0

[Event "Kieler Open 2017-A"]
[Site "Kiel"]
[Date "2017.07.30"]
[Round "3.48"]
[White "Untiedt, Urs Arved"]
[Black "Schmieder, Kerstin"]
[Result "1-0"]
[WhiteElo "1720"]
[BlackElo "1674"]
[Annotator "PH"]
[PlyCount "79"]

1. e4 e5 2. Nf3 d6 3. Bc4 g6 4. O-O Bg7 5. c3 Nf6 6. Re1 O-O 7. d4 Nbd7 8. Bg5
c6 9. Nbd2 b5 10. Bb3 Qc7 11. Rc1 Bb7 12. c4 exd4 13. cxb5 c5 14. Nxd4 Ne5 15.
Qc2 Qb6 16. Bxf6 Bxf6 17. N4f3 Nxf3+ 18. Nxf3 Qxb5 19. Nd2 Bc6 20. Nc4 Be7 21.
e5 d5 22. Na3 Qb4 23. Qe2 Qh4 24. Red1 d4 25. e6 f5 26. f3 h6 27. Re1 Kh7 28.
Bc4 Rfd8 29. Rcd1 a5 30. Nb5 Rab8 31. a4 Rb7 32. b3 Qg5 33. Rd3 h5 34. Red1 Bf6
35. g3 Bd5 36. f4 Qh6 37. Bxd5 Rxd5 38. Qg2 Rxb5 39. Qxd5 Be7 40. axb5 1-0

[Event "Kieler Open 2017-A"]
[Site "Kiel"]
[Date "2017.07.30"]
[Round "3.49"]
[White "Behrendt, Matthias"]
[Black "Weber, Andreas"]
[Result "0-1"]
[WhiteElo "1703"]
[BlackElo "1795"]
[Annotator "PH"]
[PlyCount "74"]

1. Nf3 d5 2. c4 e6 3. b3 c5 4. Bb2 Nf6 5. e3 Nc6 6. g3 d4 7. d3 e5 8. Nbd2 Be7
9. Bg2 O-O 10. O-O dxe3 11. fxe3 Qxd3 12. Kh1 Ng4 13. Nxe5 Ngxe5 14. Bxe5 Nxe5
15. Be4 Qd6 16. Qc2 Ng6 17. Rad1 Bg4 18. Nf3 Bxf3+ 19. Bxf3 Qc7 20. Rd5 Rad8
21. Rh5 Rd6 22. e4 Rfd8 23. Rd5 Rxd5 24. exd5 Ne5 25. Bh5 g6 26. Be2 Rd6 27.
Qd2 a6 28. h4 Qb6 29. h5 Rf6 30. h6 Rxf1+ 31. Bxf1 Qf6 32. Be2 Bd6 33. Kg2 g5
34. Qa5 Qxh6 35. Qd8+ Kg7 36. Qc8 Qg6 37. Bf3 g4 0-1

[Event "Kieler Open 2017-A"]
[Site "Kiel"]
[Date "2017.07.30"]
[Round "3.51"]
[White "Lubenow, Olaf"]
[Black "Müller, Richard"]
[Result "1-0"]
[WhiteElo "1703"]
[BlackElo "1484"]
[Annotator "PH"]
[PlyCount "91"]

1. e4 c5 2. Nc3 Nc6 3. g3 d6 4. Bg2 Bd7 5. d3 e6 6. Nh3 Be7 7. O-O Nf6 8. Bd2
O-O 9. f4 b6 10. f5 h6 11. Nf2 Qc7 12. g4 Rad8 13. Bf4 a6 14. Kh1 b5 15. Qd2
Nh7 16. Ne2 Bg5 17. Bxg5 Nxg5 18. h4 Nh7 19. Nh3 Ne7 20. f6 Ng6 21. fxg7 Kxg7
22. Ng3 f6 23. Nh5+ Kg8 24. Qxh6 Be8 25. N3f4 Nxf4 26. Nxf4 Qf7 27. g5 Rd7 28.
g6 Qg7 29. gxh7+ Qxh7 30. Qxh7+ Rxh7 31. Nxe6 Rxh4+ 32. Kg1 Rf7 33. Rf4 Rh6 34.
Rg4+ Kh8 35. Nf4 Bd7 36. Rg3 Kh7 37. Rf1 f5 38. Rh3 fxe4 39. Rxh6+ Kxh6 40.
Bxe4 Rg7+ 41. Kf2 Rf7 42. Ke1 Bf5 43. Ne2 Be6 44. Rxf7 Bxf7 45. Nf4 Bxa2 46.
Bd5 1-0

[Event "Kieler Open 2017-A"]
[Site "Kiel"]
[Date "2017.07.30"]
[Round "4.1"]
[White "Wichmann, Cliff"]
[Black "Krause, Benedict"]
[Result "0-1"]
[WhiteElo "2297"]
[BlackElo "2424"]
[Annotator "hjh"]
[PlyCount "48"]

1. d4 Nf6 2. Nf3 g6 3. c4 Bg7 4. Nc3 d5 5. Bf4 O-O 6. e3 c5 7. dxc5 Ne4 8. Rc1
Nd7 9. cxd5 Qa5 10. Nd4 Nxc3 11. bxc3 Qxa2 12. Nb3 a5 13. Bc4 Nxc5 14. O-O Nxb3
15. Bxb3 Qb2 16. c4 Bd7 17. Ba4 Bxa4 18. Qxa4 Qb4 19. Qa2 Rfc8 20. Rc2 {(=)} b5
21. Rb1 bxc4 22. Rxb4 axb4 23. Rxc4 b3 24. Qa6 Rf8 0-1

[Event "Kieler Open 2017-A"]
[Site "Kiel"]
[Date "2017.07.30"]
[Round "4.3"]
[White "Fernandez, Michael"]
[Black "Kopylov, Michael"]
[Result "0-1"]
[WhiteElo "2236"]
[BlackElo "2428"]
[Annotator "hjh"]
[PlyCount "88"]

1. e4 Nf6 2. e5 Nd5 3. d4 d6 4. c4 Nb6 5. f4 dxe5 6. fxe5 Nc6 7. Be3 Bf5 8. Nc3
e6 9. Nf3 Qd7 10. Be2 O-O-O 11. O-O Bg4 12. Na4 Bxf3 13. Nxb6+ axb6 14. Rxf3
Nxd4 15. Bxd4 Qxd4+ 16. Qxd4 Rxd4 17. Rxf7 Re4 18. Kf1 Rxe5 19. Rd1 Rf5+ 20.
Rxf5 exf5 21. Bf3 Bd6 22. g3 h5 23. Bd5 Rh6 24. Re1 Kd7 25. Bxb7 h4 26. Kg2 c6
27. Rf1 h3+ 28. Kh1 Re6 29. a3 Re3 30. b4 Kc7 31. Ba6 Rxa3 32. b5 Ra2 33. Rg1
g5 34. Re1 f4 35. gxf4 Bxf4 36. Re7+ Kd6 37. Re1 g4 38. Bc8 Rxh2+ 39. Kg1 Rg2+
40. Kh1 Rh2+ 41. Kg1 cxb5 42. cxb5 g3 43. Bf5 Rg2+ 44. Kh1 Rd2 0-1

[Event "Kieler Open 2017-A"]
[Site "Kiel"]
[Date "2017.07.30"]
[Round "4.4"]
[White "Lanka, Zigurds"]
[Black "Niering, Martin"]
[Result "1-0"]
[WhiteElo "2434"]
[BlackElo "2225"]
[Annotator "hjh"]
[PlyCount "135"]

1. e4 e6 2. d4 d5 3. Nc3 Nf6 4. e5 Nfd7 5. f4 c5 6. Nce2 b6 7. Nf3 g6 8. c3 a5
9. g3 Ba6 10. Bg2 h5 11. O-O Nc6 12. Be3 Ne7 13. Re1 Nf5 14. Bf2 Be7 15. a3 Kf8
16. Nd2 c4 17. Nf1 b5 18. Ne3 Nb6 19. Bf3 Nxe3 20. Bxe3 Qd7 21. h3 Ke8 22. Kg2
Kd8 23. Qc2 Kc7 24. Rh1 Bb7 25. g4 hxg4 26. hxg4 Bc6 27. Ng3 Rag8 28. Bf2 Qd8
29. Rag1 Kb7 30. Qb1 {(0:36-1:17)} Rxh1 31. Rxh1 Rh8 32. f5 gxf5 33. gxf5 Qg8
34. Rxh8 Qxh8 35. fxe6 fxe6 36. Qg6 {(0:43-1:35)} Bh4 37. Qxe6 Bxg3 38. Bxg3
Qh7 39. Qd6 Qc2+ 40. Bf2 Qh7 41. e6 Qg6+ 42. Bg3 Qc2+ 43. Kf1 Qd3+ 44. Be2 Qb1+
45. Kf2 Qf5+ 46. Bf4 Be8 47. Qe5 Qg6 48. Bf3 Qc2+ 49. Kg3 Qg6+ 50. Bg5 Bc6 51.
Bg4 Qd3+ 52. Be3 Be8 53. Bf3 Qg6+ 54. Bg4 Qh7 55. Bf4 Qd3+ 56. Kf2 Qc2+ 57. Be2
Ka6 58. e7 Qg6 59. Bd1 Qh7 60. Qe6 Kb7 61. Bf3 Qc2+ 62. Kg3 Qxb2 63. Bxd5+ Ka6
64. Bc7 Qxc3+ 65. Bf3 Qxd4 66. Bxb6 Qxb6 67. Qc8+ Ka7 68. Qa8# 1-0

[Event "Kieler Open 2017-A"]
[Site "Kiel"]
[Date "2017.07.30"]
[Round "4.5"]
[White "Voloshin, Leonid"]
[Black "Syrov, Arkadi"]
[Result "1/2-1/2"]
[WhiteElo "2382"]
[BlackElo "2267"]
[Annotator "hjh"]
[PlyCount "49"]

1. d4 Nf6 2. c4 e6 3. Nc3 Bb4 4. Qc2 O-O 5. a3 Bxc3+ 6. Qxc3 d5 7. Bg5 dxc4 8.
Qxc4 b6 9. Nf3 Ba6 10. Qc2 Nbd7 11. Qa4 Qc8 12. Rc1 c5 13. g3 Bb7 14. Bxf6 gxf6
15. Bg2 Bc6 16. Qc2 Qb7 17. O-O Rac8 18. Qd2 Kg7 19. dxc5 Nxc5 20. Qf4 Bd5 21.
Qg4+ Kh8 22. Qh4 Kg7 23. Qg4+ Kh8 24. Qh4 Kg7 25. Qg4+ 1/2-1/2

[Event "Kieler Open 2017-A"]
[Site "Kiel"]
[Date "2017.07.30"]
[Round "4.6"]
[White "Schulze, Lara"]
[Black "Krause, Jonah"]
[Result "0-1"]
[WhiteElo "2141"]
[BlackElo "2328"]
[Annotator "hjh"]
[PlyCount "176"]

1. e4 c6 2. d4 d5 3. e5 Bf5 4. Be3 e6 5. Nd2 Nd7 6. Nb3 Ne7 7. f4 Bg6 8. Nf3
Nf5 9. Bf2 h5 10. Be2 h4 11. O-O Be7 12. g4 hxg3 13. hxg3 Bh5 14. Kg2 Bg4 15.
Rh1 Rxh1 16. Qxh1 Qc7 17. Ng1 Nh6 18. Bxg4 Nxg4 19. Qh8+ Bf8 20. Nf3 Nxf2 21.
Kxf2 c5 22. Qg8 cxd4 23. Nbxd4 Nc5 24. Ng5 Ne4+ 25. Nxe4 dxe4 26. c3 O-O-O 27.
Qh7 Qb6 28. Rc1 Qxb2+ 29. Rc2 Qa1 30. Nb3 e3+ 31. Kxe3 Qg1+ 32. Kf3 Qf1+ 33.
Ke3 Qe1+ 34. Kf3 Qf1+ 35. Ke3 Rd1 36. Re2 Qg1+ 37. Kf3 Qf1+ 38. Ke3 Re1 39. Qd3
Qg1+ 40. Kf3 Qh1+ 41. Ke3 Qg1+ 42. Kf3 Qh1+ 43. Ke3 Rxe2+ 44. Qxe2 Qc6 45. Qd2
a6 46. Kf2 Be7 47. Qd3 Bd8 48. Nd4 Qd5 49. Qb1 Kb8 50. Qb3 Qe4 51. Qb4 Qd5 52.
Qb3 Qd7 53. Qb4 Ka7 54. a4 g5 55. Qc4 gxf4 56. gxf4 Bb6 57. Kf3 Qe7 58. Ne2 Qh4
59. Ng3 Qh2 60. Qe2 Qg1 61. Ne4 Qg6 62. Ng3 Qb1 63. Qc4 Qd1+ 64. Ne2 Qh1+ 65.
Kg4 Qg2+ 66. Ng3 Bf2 67. Qd3 Bb6 68. Qc4 Qg1 69. Kf3 Qd1+ 70. Ne2 Qf1+ 71. Ke4
Qf2 72. Nd4 Qg2+ 73. Ke3 Qg3+ 74. Ke4 Qf2 75. Qd3 Qa2 76. Nc2 Qxa4+ 77. Kf3
Qc6+ 78. Kg4 Qg2+ 79. Kh5 Bf2 80. Nd4 Qh2+ 81. Kg4 Qh4+ 82. Kf3 Qh3+ 83. Ke4
Qxd3+ 84. Kxd3 Bxd4 85. cxd4 Kb6 86. d5 exd5 87. f5 Kc7 88. e6 fxe6 0-1

[Event "Kieler Open 2017-A"]
[Site "Kiel"]
[Date "2017.07.30"]
[Round "4.7"]
[White "Gaede, Derek"]
[Black "Böhm, Thomas"]
[Result "1/2-1/2"]
[WhiteElo "2340"]
[BlackElo "2154"]
[Annotator "hjh"]
[PlyCount "112"]

1. d4 d5 2. Nf3 Nf6 3. Bf4 e6 4. e3 Bd6 5. Nbd2 c5 6. Bg3 Nc6 7. c3 O-O 8. Bd3
b6 9. e4 Be7 10. e5 Nh5 11. h4 g6 12. a3 Bd7 13. Qe2 f5 14. exf6 Rxf6 15. O-O
Nxg3 16. fxg3 Qc7 17. Ne5 Nxe5 18. dxe5 Rxf1+ 19. Rxf1 Rf8 20. Nf3 c4 21. Bb1
Be8 22. Kh2 Bc5 23. Re1 Qe7 24. Qd2 b5 25. Qh6 Qg7 26. Qg5 Qe7 27. Qd2 a5 28.
Re2 b4 29. axb4 axb4 30. Qh6 Qg7 31. Qg5 Qe7 32. Qg4 h5 33. Qh3 Qf7 34. Re1 Be7
35. Rd1 bxc3 36. bxc3 Bd7 37. Rd4 Qg7 38. Rf4 Kh7 39. Bc2 Qh6 40. Ng5+ Kg8 41.
Ba4 Bc8 42. Nxe6 g5 43. hxg5 Qxe6 44. Qxh5 Rxf4 45. gxf4 Qf5 46. Qf3 Be6 47.
Bc6 Qh7+ 48. Kg3 Qd3 49. Qxd3 cxd3 50. Kf3 Bc5 51. g4 d4 52. cxd4 Bxd4 53. Ke4
d2 54. Ba4 Bc3 55. f5 Bc4 56. Bd1 Kg7 1/2-1/2

[Event "Kieler Open 2017-A"]
[Site "Kiel"]
[Date "2017.07.30"]
[Round "4.8"]
[White "Saglam, Bülent"]
[Black "Bente, Björn"]
[Result "1-0"]
[WhiteElo "2076"]
[BlackElo "2310"]
[Annotator "hjh"]
[PlyCount "87"]

1. d4 Nf6 2. c4 e6 3. Nc3 Bb4 4. e3 O-O 5. Bd3 d5 6. Nge2 c6 7. Qc2 Nbd7 8. f4
c5 9. a3 Ba5 10. cxd5 exd5 11. dxc5 Nxc5 12. b4 Nxd3+ 13. Qxd3 Bb6 14. O-O Re8
15. Na4 Bxe3+ 16. Bxe3 Qe7 17. Bd4 Qxe2 18. Qxe2 Rxe2 19. Nc3 Rd2 20. Bxf6 gxf6
21. Rfd1 Rxd1+ 22. Rxd1 Be6 23. Nxd5 Bxd5 24. Rxd5 Rc8 25. Rd7 Rc1+ 26. Kf2 Ra1
27. Rd3 Ra2+ 28. Kf3 f5 29. h3 Kg7 30. g4 fxg4+ 31. hxg4 Rb2 32. Ke4 a5 33.
bxa5 Rb5 34. Rd5 Rb3 35. Ke5 Rxa3 36. Rb5 Re3+ 37. Kd5 Ra3 38. Kd6 Ra4 39. Kc7
Rxf4 40. Kxb7 Rxg4 41. a6 Ra4 42. a7 Kg6 43. Rb6+ Kg5 44. Ra6 1-0

[Event "Kieler Open 2017-A"]
[Site "Kiel"]
[Date "2017.07.30"]
[Round "4.10"]
[White "Kuberczyk, Christoph"]
[Black "Oltzen, Samuel"]
[Result "1-0"]
[WhiteElo "2177"]
[BlackElo "1990"]
[Annotator "hjh"]
[PlyCount "43"]

1. d4 Nf6 2. Nf3 e6 3. g3 d5 4. c4 Be7 5. Bg2 O-O 6. O-O dxc4 7. Qc2 a6 8. a4
Bd7 9. Rd1 Bc6 10. Nc3 Nbd7 11. e4 Nb6 12. a5 Nbd7 13. d5 exd5 14. e5 Ne8 15.
Nxd5 Bb5 16. Bf4 Bc5 17. Ng5 g6 18. e6 fxe6 19. Nxe6 Qc8 20. Nxc5 Rf7 21. Nxd7
Bxd7 22. Qxc4 1-0

[Event "Kieler Open 2017-A"]
[Site "Kiel"]
[Date "2017.07.30"]
[Round "4.11"]
[White "Ghadimi, Mohammed Reza"]
[Black "Rohde, Patrick"]
[Result "0-1"]
[WhiteElo "2126"]
[BlackElo "1939"]
[Annotator "hjh"]
[PlyCount "80"]

1. e4 c5 2. Nf3 d6 3. c3 Nf6 4. h3 Nc6 5. Bd3 g6 6. Bc2 Bg7 7. O-O O-O 8. d4
cxd4 9. cxd4 d5 10. e5 Nd7 11. Nc3 Nb6 12. Re1 Bd7 13. a3 Rc8 14. Ne2 f6 15.
Nf4 fxe5 16. dxe5 e6 17. h4 Qc7 18. Ng5 Nxe5 19. Bxg6 hxg6 20. Nxg6 Nxg6 21.
Qh5 Rf6 22. Qh7+ Kf8 23. Bd2 Nc4 24. Bb4+ Nd6 25. Bc3 e5 26. Rxe5 Qb6 27. Re2 {
(=)} d4 28. Bb4 a5 29. Bxd6+ Rxd6 30. Qh5 Rc5 31. Rae1 Rf5 32. g4 Rf4 33. Re4 {
(=)} Rxe4 34. Rxe4 Qb3 35. Nh7+ Kg8 36. g5 Bc6 37. Re1 Qh3 38. f3 Qg3+ 39. Kf1
Bb5+ 40. Re2 Bxe2+ 0-1

[Event "Kieler Open 2017-A"]
[Site "Kiel"]
[Date "2017.07.30"]
[Round "4.12"]
[White "Tresch, Lukas"]
[Black "Weber, Samuel"]
[Result "0-1"]
[WhiteElo "2038"]
[BlackElo "2123"]
[Annotator "hjh"]
[PlyCount "66"]

1. Nf3 Nf6 2. b3 e6 3. Bb2 b6 4. g3 Bb7 5. Bg2 Be7 6. O-O O-O 7. c4 d5 8. d3
Nbd7 9. Nbd2 c5 10. Qc2 Qc7 11. cxd5 Nxd5 12. Rac1 Rac8 13. Qb1 Qb8 14. Qa1 Bf6
15. d4 Nb4 16. a3 Na6 17. Ne5 Rfd8 18. Bxb7 Qxb7 19. Ndc4 cxd4 20. Bxd4 Ndc5
21. Rb1 b5 22. Ne3 Qe4 23. Bc3 Nd7 24. N3g4 Nxe5 25. Nxe5 Rd5 26. Rbc1 Nc5 27.
Nd3 Nxb3 28. Bxf6 Rxc1 29. Rxc1 Nxc1 30. Qxc1 gxf6 31. Nf4 Qc4 32. Qb2 Qd4 33.
Qa2 Qd2 0-1

[Event "Kieler Open 2017-A"]
[Site "Kiel"]
[Date "2017.07.30"]
[Round "4.13"]
[White "Prasse, Philipp"]
[Black "Light, Bjarne"]
[Result "0-1"]
[WhiteElo "2013"]
[BlackElo "2196"]
[Annotator "hjh"]
[PlyCount "78"]

1. e4 c5 2. c3 d5 3. exd5 Qxd5 4. d4 e6 5. Nf3 Nf6 6. Na3 a6 7. Bc4 Qd8 8. Nc2
b5 9. Be2 Bb7 10. O-O Nbd7 11. dxc5 Bxc5 12. a4 bxa4 13. Rxa4 O-O 14. Be3 Qc7
15. Qa1 Nd5 16. Bxa6 Nxe3 17. fxe3 Nb6 18. Ra2 Be4 19. Ncd4 Nd5 20. Kh1 e5 21.
Ng5 Bxg2+ 22. Kxg2 Nxe3+ 23. Kh1 Nxf1 24. Bxf1 Rxa2 25. Qxa2 exd4 26. Qc4 dxc3
27. bxc3 Qb7+ 28. Bg2 Qb1+ 29. Bf1 h6 30. Ne4 Be7 31. Kg2 Rb8 32. Bd3 Rb2+ 33.
Kh3 Qd1 34. Qc8+ Bf8 35. Nf6+ gxf6 36. Qf5 Bd6 37. Qh7+ Kf8 38. Qxh6+ Ke8 39.
Qe3+ Be5 0-1

[Event "Kieler Open 2017-A"]
[Site "Kiel"]
[Date "2017.07.30"]
[Round "4.14"]
[White "Benzen, Marthe"]
[Black "Pluska, Alexander"]
[Result "1/2-1/2"]
[WhiteElo "2016"]
[BlackElo "2205"]
[Annotator "hjh"]
[PlyCount "109"]

1. e4 c5 2. Nc3 a6 3. a4 Nc6 4. f4 e6 5. Nf3 d5 6. d3 Rb8 7. g3 b5 8. axb5 axb5
9. Qe2 d4 10. Nd1 Nge7 11. Bg2 g6 12. O-O Bg7 13. Nf2 e5 14. fxe5 h6 15. Bd2
Be6 16. Nh3 g5 17. Nhxg5 hxg5 18. Nxg5 Qd7 19. Ra6 Ng6 20. Rfa1 Ngxe5 21. Bf4
Bg4 22. Qf1 O-O 23. h3 f6 24. Nf3 Be6 25. Kh2 Nb4 26. Ra7 Rb7 27. Ra8 Qe7 28.
Qc1 Rd7 29. Nh4 Qf7 30. Nf5 Qh5 31. Rxf8+ Bxf8 32. Bxe5 fxe5 33. g4 Qg6 34. Ra8
Rh7 35. Kg1 Qf6 36. g5 Qg6 37. Nh6+ Rxh6 38. gxh6 Bxh3 39. Qf1 Qxg2+ 40. Qxg2+
Bxg2 41. Kxg2 Nxc2 42. Kf2 Nb4 43. Ke2 c4 44. dxc4 bxc4 45. h7+ Kxh7 46. Rxf8
Nd3 47. Rf5 Nxb2 48. Rxe5 c3 49. Rd5 d3+ 50. Rxd3 Nxd3 51. Kxd3 Kg6 52. Kxc3
Kf6 53. Kd4 Ke6 54. e5 Ke7 55. Kd5 1/2-1/2

[Event "Kieler Open 2017-A"]
[Site "Kiel"]
[Date "2017.07.30"]
[Round "4.15"]
[White "Dittmann, Hans-Adolf"]
[Black "Neumann, Frank"]
[Result "1-0"]
[WhiteElo "2073"]
[BlackElo "2072"]
[Annotator "hjh"]
[PlyCount "91"]

1. e4 g6 2. d4 Bg7 3. Nc3 c6 4. d5 d6 5. Nf3 Bg4 6. Be2 Nf6 7. Be3 Qa5 8. O-O
Nbd7 9. h3 Bxf3 10. Bxf3 c5 11. a4 O-O 12. Ra3 c4 13. Bd4 Rfd8 14. Nb5 Rdc8 15.
Bc3 Qd8 16. g3 Nc5 17. Qe2 Qd7 18. e5 dxe5 19. Bxe5 a6 20. Nd4 Nxa4 21. Bxf6
exf6 22. Re3 Bf8 23. c3 Nb6 24. Rd1 Rd8 25. Nc2 Bc5 26. Kg2 Bxe3 27. Nxe3 Qd6
28. Qd2 Rac8 29. Qd4 f5 30. h4 f6 31. h5 Kg7 32. Rh1 Rh8 33. Rh4 Qc5 34. Qf4 g5
35. h6+ Kf8 36. Qxf5 Qd6 37. Re4 Re8 38. Nxc4 Nxc4 39. Rxe8+ Kxe8 40. Qc8+ Ke7
41. Qxh8 Nd2 42. Qxh7+ Kd8 43. Qg8+ Kc7 44. Qe6 Qf8 45. d6+ Kb8 46. Qe7 1-0

[Event "Kieler Open 2017-A"]
[Site "Kiel"]
[Date "2017.07.30"]
[Round "4.16"]
[White "Horn, Peter"]
[Black "Deutschbein, Christopher"]
[Result "1-0"]
[WhiteElo "2094"]
[BlackElo "2019"]
[Annotator "hjh"]
[PlyCount "81"]

1. c4 e5 2. Nc3 Nf6 3. e3 d6 4. Nf3 g6 5. d4 Qe7 6. Be2 Bg7 7. b4 O-O 8. O-O e4
9. Nd2 Bf5 10. a4 h5 11. b5 Ng4 12. Nd5 Qd8 13. Ba3 Nd7 14. Rc1 Ndf6 15. Qb3
Nxd5 16. cxd5 Kh7 17. a5 b6 18. Rc3 Rh8 19. Bxg4 hxg4 20. Rfc1 a6 21. axb6 cxb6
22. bxa6 Rxa6 23. Rc7 Kg8 24. Nf1 Bf6 25. Bb4 Kg7 26. Qc4 b5 27. Qxb5 Qa8 28.
R7c6 Ra4 29. Rb6 Bd8 30. Rb7 Qa6 31. Bxd6 Qxd6 32. Qxa4 Qxd5 33. Qb3 Qxb3 34.
Rxb3 Ba5 35. Rb5 Bd8 36. Ng3 Kf6 37. Rc6+ Kg5 38. Nxf5 gxf5 39. Rcc5 g3 40.
Rxf5+ Kg4 41. Rf4# 1-0

[Event "Kieler Open 2017-A"]
[Site "Kiel"]
[Date "2017.07.30"]
[Round "4.17"]
[White "Basey, Matthew"]
[Black "Möller, Dustin"]
[Result "1/2-1/2"]
[WhiteElo "1793"]
[BlackElo "2079"]
[Annotator "hjh"]
[PlyCount "38"]

1. e4 e6 2. d4 d5 3. e5 c5 4. c3 Nc6 5. Be3 Qb6 6. Qd2 f6 7. Nf3 Bd7 8. Be2
fxe5 9. Nxe5 Nxe5 10. dxe5 Ne7 11. O-O Nf5 12. Bg5 Qc7 13. Bg4 g6 14. Bxf5 gxf5
15. Qe2 Bc6 16. a4 Rb8 17. Bf6 Bg7 18. Na3 a6 19. Nb5 axb5 1/2-1/2

[Event "Kieler Open 2017-A"]
[Site "Kiel"]
[Date "2017.07.30"]
[Round "4.18"]
[White "Kreutz, Jonas"]
[Black "Besenthal, Klaus-Günther"]
[Result "1/2-1/2"]
[WhiteElo "1826"]
[BlackElo "2076"]
[Annotator "hjh"]
[PlyCount "65"]

1. e4 Nc6 2. Nf3 d6 3. d4 Nf6 4. Nc3 g6 5. Be2 Bg7 6. O-O O-O 7. Be3 a6 8. a4
b6 9. d5 Nb4 10. a5 e6 11. Ra4 bxa5 12. Rxa5 exd5 13. Nxd5 Nfxd5 14. exd5 c6
15. Ra4 Nxd5 16. Bd4 Bxd4 17. Rxd4 Qf6 18. Bc4 Be6 19. c3 Rfd8 20. Nd2 Qf5 21.
Ne4 Rab8 22. b4 Kg7 23. Bxa6 Rd7 24. Bd3 Qe5 25. Bc2 Bf5 26. Re1 Bxe4 27. Rexe4
Qf6 28. Qd2 Ra7 29. Bb3 Ra1+ 30. Re1 Rxe1+ 31. Qxe1 Nc7 32. Qd1 d5 33. Rd3
1/2-1/2

[Event "Kieler Open 2017-A"]
[Site "Kiel"]
[Date "2017.07.30"]
[Round "4.19"]
[White "Mohamed, Galal"]
[Black "Arndt, Magnus"]
[Result "1/2-1/2"]
[WhiteElo "1865"]
[BlackElo "2072"]
[Annotator "hjh"]
[PlyCount "79"]

1. d4 Nf6 2. Nf3 e6 3. e3 c5 4. Bd3 Nc6 5. O-O d5 6. b3 Bd6 7. Bb2 O-O 8. Nbd2
Qc7 9. dxc5 Bxc5 10. Bxf6 gxf6 11. a3 Kh8 12. c4 dxc4 13. Nxc4 Rg8 14. b4 Be7
15. Rc1 Qd8 16. Qc2 Rg7 17. Rfd1 Qg8 18. g3 Qe8 19. Be4 Bd7 20. b5 Nd8 21. a4
Rc8 22. Qd2 Rc7 23. Nd6 Bxd6 24. Qxd6 Rxc1 25. Rxc1 f5 26. Ne5 f6 27. Rc7 fxe5
28. Bxb7 Nxb7 29. Rxb7 Bc8 30. Rb8 Rd7 31. Qxe5+ Kg8 32. h4 Rb7 33. Ra8 Qd7 34.
Kh2 Rc7 35. Qf6 Rc2 36. Qg5+ Kf7 37. Qh5+ Kf8 38. Qh6+ Ke8 39. Qh5+ Kf8 40.
Qh6+ 1/2-1/2

[Event "Kieler Open 2017-A"]
[Site "Kiel"]
[Date "2017.07.30"]
[Round "4.20"]
[White "Zimmermann, Manfred"]
[Black "Röttig, Hans-Peter"]
[Result "0-1"]
[WhiteElo "1997"]
[BlackElo "2078"]
[Annotator "hjh"]
[PlyCount "101"]

1. d4 f5 2. Nc3 d5 3. Bg5 c6 4. e3 Qb6 5. Na4 Qa5+ 6. c3 e5 7. Rb1 b5 8. Nc5
Bxc5 9. dxc5 Qxa2 10. f4 e4 11. Ne2 Qa5 12. b4 Qc7 13. Nd4 Bd7 14. Nb3 Be6 15.
Be2 Nd7 16. Ra1 Kf7 17. O-O Ngf6 18. h3 h6 19. Bh4 Rhg8 20. Kh1 g5 21. Be1 g4
22. Kh2 Rg7 23. Rg1 Rag8 24. g3 gxh3 25. Kxh3 Ng4 26. Bxg4 Rxg4 27. Bf2 Ke7 28.
Nd4 Nb8 29. Qe1 a6 30. Kg2 h5 31. Kf1 Kf6 32. Rh1 h4 33. Rxh4 Rxh4 34. gxh4 {
unleserlich, ich rekonstruiere} Qh7 35. Ke2 Rg2 36. Kd2 Qxh4 37. Ke2 Qh2 38.
Ra2 Bf7 39. Kd1 Bh5+ 40. Kc1 Kf7 41. Nxf5 Bf3 42. Rc2 a5 43. Kb2 Na6 44. Kb3
Qh3 45. Nh4 Rh2 46. Nxf3 Qxf3 47. Qe2 Qg2 48. Rb2 Ke6 49. Qd2 Qf1 50. Qe2 Qg2
51. Qd1 0-1

[Event "Kieler Open 2017-A"]
[Site "Kiel"]
[Date "2017.07.30"]
[Round "4.21"]
[White "Bendel, Ralf"]
[Black "Hartwig, Frank"]
[Result "1/2-1/2"]
[WhiteElo "2124"]
[BlackElo "1984"]
[Annotator "hjh"]
[PlyCount "103"]

1. e4 e5 2. Nf3 d6 3. d4 exd4 4. Nxd4 Nf6 5. Nc3 Be7 6. Be2 Nc6 7. Be3 a6 8.
Nxc6 bxc6 9. O-O O-O 10. f3 a5 11. Na4 Ba6 12. c4 Nd7 13. Rc1 c5 14. Qc2 Bf6
15. Rcd1 Qb8 16. Nc3 Nb6 17. b3 a4 18. g4 axb3 19. axb3 Bb7 20. g5 Be7 21. Rf2
Bc6 22. f4 Qb7 23. Bd2 Nd7 24. Rb1 Rfb8 25. Qd3 Nf8 26. f5 f6 27. h4 Nd7 28.
Bf4 Ra3 29. Bd1 Rba8 30. Nd5 Bxd5 31. exd5 Ne5 32. Bxe5 dxe5 33. Qd2 Qa7 34.
Kg2 Ra2 35. Rb2 Rxb2 36. Qxb2 Qa1 37. Bf3 Qxb2 38. Rxb2 Ra1 39. Re2 Bd6 40. Be4
Kf8 41. Re3 Be7 42. g6 h6 43. Re2 Ke8 44. Kf2 Kd8 45. Re1 {(=)} Ra3 46. Bc2 Kc8
47. Ke3 Ra2 48. Kd2 Kb7 49. Kc1 Bd6 50. Kb1 Ra5 51. Be4 Kb6 52. Kb2 1/2-1/2

[Event "Kieler Open 2017-A"]
[Site "Kiel"]
[Date "2017.07.30"]
[Round "4.22"]
[White "Beeck, Mats"]
[Black "Boyens, Birger"]
[Result "1-0"]
[WhiteElo "2104"]
[BlackElo "1996"]
[Annotator "hjh"]
[PlyCount "41"]

1. d4 f5 2. Bg5 d6 3. e4 fxe4 4. Nc3 Bf5 5. f3 d5 6. fxe4 dxe4 7. Bc4 Nf6 8.
Nge2 c6 9. O-O Qd7 10. Qd2 b5 11. Bb3 b4 12. Na4 e6 13. Bxf6 gxf6 14. Rad1 Na6
15. Ng3 c5 16. Qe2 c4 17. Bxc4 Nc7 18. Nc5 Bxc5 19. dxc5 Qg7 20. Rxf5 exf5 21.
Nxf5 1-0